[Event "NM for klubblag 2018"]
[Site "Quality Hotel Edvard Grieg, Bergen"]
[Date "2018.05.10"]
[Round "5"]
[White "Ranaldi, Lucas"]
[Black "Houska, Jovanka"]
[Result "1-0"]
[WhiteElo "2251"]
[BlackElo "2420"]
[PlyCount "89"]
[EventDate "2018.??.??"]

1. d4 d5 2. c4 e6 3. Nc3 Nf6 4. Bg5 Nbd7 5. e3 Be7 6. Nf3 h6 7. Bh4 Ne4 8. Bxe7
Qxe7 9. Qc2 Nxc3 10. Qxc3 c6 11. Rc1 O-O 12. Bd3 dxc4 13. Bxc4 b6 14. O-O c5
15. Rfd1 Bb7 16. Be2 Bd5 17. Qa3 Rfd8 18. Ne1 e5 19. Bb5 exd4 20. exd4 Qe6 21.
Bxd7 Rxd7 22. dxc5 bxc5 23. Nc2 Rad8 24. Ne3 Bxa2 25. Rxd7 Rxd7 26. Ra1 Rd2 27.
Qxa2 Qf6 28. Rf1 Rxb2 29. Qxa7 Qd4 30. Qa8+ Kh7 31. Qf3 c4 32. Rd1 Rd2 33. Qf5+
Kg8 34. Qc8+ Kh7 35. Rxd2 Qxd2 36. Qxc4 Qe1+ 37. Qf1 Qd2 38. Qd1 Qb4 39. h3 g6
40. Qf3 f5 41. g4 f4 42. Nd5 Qe1+ 43. Kh2 g5 44. Qe4+ Qxe4 45. Nf6+
1-0

[Event "NM for klubblag 2018"]
[Site "Quality Hotel Edvard Grieg, Bergen"]
[Date "2018.05.10"]
[Round "5"]
[White "Kaasen, Tor Fredrik"]
[Black "Nordquelle, Daniel"]
[Result "1-0"]
[WhiteElo "2369"]
[BlackElo "2287"]
[PlyCount "55"]
[EventDate "2018.??.??"]

1. d4 d5 2. c4 e6 3. Nf3 Bb4+ 4. Nbd2 Nf6 5. a3 Be7 6. g3 O-O 7. Bg2 Nbd7 8.
O-O c6 9. b4 a5 10. b5 cxb5 11. cxb5 Nb6 12. a4 Ne8 13. e4 dxe4 14. Nxe4 Nd5
15. Bb2 Nef6 16. Ne5 Nxe4 17. Bxe4 f6 18. Qh5 f5 19. Bg2 Bf6 20. Ba3 g6 21. Qe2
Re8 22. Rac1 b6 23. Nc4 Be7 24. Bxe7 Rxe7 25. Qe5 Raa7 26. Nd6 Bb7 27. Rfe1 Qd7
28. Bxd5
1-0

[Event "NM for klubblag 2018"]
[Site "Quality Hotel Edvard Grieg, Bergen"]
[Date "2018.05.10"]
[Round "5"]
[White "Kristiansen, Tore"]
[Black "Sandal, Eirik"]
[Result "0-1"]
[WhiteElo "1787"]
[BlackElo "2073"]
[PlyCount "114"]
[EventDate "2018.??.??"]

1. d4 d6 2. c4 e5 3. d5 f5 4. Nc3 Nf6 5. Bg5 Be7 6. Bxf6 Bxf6 7. e4 O-O 8. Bd3
g6 9. Nge2 a5 10. O-O f4 11. a3 g5 12. b4 axb4 13. axb4 Rxa1 14. Qxa1 f3 15.
Ng3 fxg2 16. Kxg2 Qe8 17. c5 Na6 18. Qa5 Qf7 19. Be2 dxc5 20. bxc5 Bd8 21. c6
b6 22. Qa1 Nc5 23. Nd1 Qf4 24. Qb1 Qh4 25. Rg1 Rf6 26. Kh1 Rh6 27. Rg2 Bh3 28.
Rg1 Bg4 29. Rg2 Bh3 30. Rg1 Bg4 31. Rg2 Bxe2 32. Nxe2 Qxe4 33. Qa2 Kf8 34. Ne3
Rf6 35. Kg1 Nd3 36. Qc4 Qxc4 37. Nxc4 Ne1 38. Nxe5 Nxg2 39. Nd7+ Ke7 40. Nxf6
Kxf6 41. Kxg2 Ke5 42. h3 Kxd5 43. Kf3 Kxc6 44. Ke4 b5 45. Kd3 Kb6 46. Nc3 c5
47. Ne4 Kc6 48. f3 h6 49. Ng3 Kd5 50. Nf5 c4+ 51. Kc3 Ba5+ 52. Kc2 h5 53. h4
gxh4 54. Nxh4 b4 55. Nf5 Bb6 56. Ne7+ Ke6 57. Ng6 Kf5
0-1

[Event "NM for klubblag 2018"]
[Site "Quality Hotel Edvard Grieg, Be"]
[Date "2018.05.10"]
[Round "5"]
[White "SÃ¸rensen, Simen"]
[Black "Kristoffersen, Arne Skodvin"]
[Result "1/2-1/2"]
[WhiteElo "1853"]
[BlackElo "1776"]
[PlyCount "77"]
[EventDate "2018.??.??"]

1. e4 c5 2. Nc3 e6 3. Nf3 a6 4. d4 cxd4 5. Nxd4 b5 6. Bd3 Qb6 7. Nb3 Qc7 8. O-O
Nf6 9. Qe2 d6 10. f4 Nbd7 11. Bd2 Be7 12. Rae1 e5 13. f5 Bb7 14. Nd1 Rc8 15.
Nf2 Nc5 16. Nxc5 dxc5 17. c4 b4 18. g4 h6 19. Bc2 Nd7 20. Nd1 Bh4 21. Nf2 f6
22. Rc1 Bxf2+ 23. Rxf2 Kf7 24. h4 Rcd8 25. Rd1 Nb8 26. Be3 Rxd1+ 27. Qxd1 Rd8
28. Rd2 Rxd2 29. Qxd2 Ke7 30. g5 hxg5 31. hxg5 Qd6 32. Qh2 fxg5 33. Bxg5+ Kf7
34. Qh5+ Kg8 35. Qe8+ Kh7 36. Kh1 Nd7 37. Qh5+ Kg8 38. Qe8+ Kh7 39. Qh5+
1/2-1/2

[Event "NM for klubblag 2018"]
[Site "Quality Hotel Edvard Grieg, Be"]
[Date "2018.05.10"]
[Round "5"]
[White "KvalÃ¸y, Aksel Bu"]
[Black "Larsen, Stig BÃ¸rje"]
[Result "1-0"]
[WhiteElo "1958"]
[BlackElo "1859"]
[PlyCount "137"]
[EventDate "2018.??.??"]

1. e4 g6 2. d4 Bg7 3. Nf3 d6 4. Bc4 Nf6 5. Qe2 O-O 6. e5 dxe5 7. dxe5 Nd5 8.
O-O Nb6 9. Bb3 Bg4 10. h3 Bxf3 11. Qxf3 Nc6 12. Bf4 e6 13. Re1 Nd4 14. Qc3 Nxb3
15. Qxb3 Qd4 16. Bg3 Rfd8 17. Nc3 a6 18. Ne4 h6 19. Qf3 Nc4 20. c3 Qd3 21. Nf6+
Bxf6 22. Qxf6 Nxb2 23. Rab1 Qxc3 24. Rec1 Qd4 25. Rxc7 Rf8 26. Bf4 g5 27. Be3
Qd8 28. Qxd8 Rfxd8 29. Rxb2 b5 30. Rd2 Rxd2 31. Bxd2 Rd8 32. Bc3 Rd1+ 33. Kh2
Rc1 34. a3 Kg7 35. Ba5 Ra1 36. Bb4 a5 37. Bd6 b4 38. axb4 axb4 39. Bxb4 Ra4 40.
Bd2 Kg6 41. g4 Re4 42. Rc5 Ra4 43. Kg3 Ra2 44. Be3 Ra3 45. h4 gxh4+ 46. Kxh4
Ra4 47. f4 Ra3 48. Bc1 Rf3 49. Rc6 Kh7 50. Rc2 Rf1 51. Be3 Rf3 52. Rc3 Kg6 53.
Bd2 Rf2 54. Rd3 Rg2 55. Kh3 Rg1 56. Rg3 Rh1+ 57. Kg2 Rd1 58. Be3 Rb1 59. Kf3
Rb4 60. Rg2 Rb3 61. Ke4 Rb4+ 62. Bd4 Ra4 63. Rc2 Ra8 64. Rc6 Kg7 65. f5 Re8 66.
Bc5 Kh7 67. fxe6 fxe6 68. Rc7+ Kg6 69. Re7 1-0

[Event "NM for klubblag 2018"]
[Site "Quality Hotel Edvard Grieg, Bergen"]
[Date "2018.05.10"]
[Round "5"]
[White "Mork, Kjell Arne"]
[Black "Løbersli, Henrik Øie"]
[Result "1/2-1/2"]
[WhiteElo "2296"]
[BlackElo "2118"]
[PlyCount "81"]
[EventDate "2018.??.??"]

1. e4 e5 2. Nf3 Nc6 3. Bb5 a6 4. Ba4 Nf6 5. d3 b5 6. Bb3 Be7 7. Nc3 d6 8. a3
Nd4 9. Nxd4 exd4 10. Nd5 Nxd5 11. Bxd5 Rb8 12. O-O O-O 13. f4 Bf6 14. Qf3 Be6
15. Bxe6 fxe6 16. Qh3 e5 17. Bd2 exf4 18. Rxf4 Be5 19. Rxf8+ Qxf8 20. Rf1 Qc8
21. Qf3 Qe6 22. Qf5 Re8 23. g3 g6 24. Qxe6+ Rxe6 25. Kg2 Rf6 26. Rxf6 Bxf6 27.
Kf3 Kf7 28. Kg4 h5+ 29. Kf4 Ke6 30. h3 g5+ 31. Kf3 Ke5 32. Ba5 c6 33. g4 h4 34.
Bb6 Be7 35. Ba5 c5 36. Bd2 d5 37. exd5 Kxd5 38. Ke2 Bf6 39. Kf3 Be7 40. Ke2 Bf6
41. Kf3
1/2-1/2

[Event "NM for klubblag 2018"]
[Site "Quality Hotel Edvard Grieg, Bergen"]
[Date "2018.05.10"]
[Round "5"]
[White "Nyland, Thomas"]
[Black "Manne, Per Erik"]
[Result "1-0"]
[WhiteElo "2069"]
[BlackElo "2184"]
[PlyCount "67"]
[EventDate "2018.??.??"]

1. f4 c5 2. Nf3 Nc6 3. g3 g6 4. e4 Bg7 5. Bg2 e6 6. O-O Nge7 7. d3 d6 8. c3 b6
9. Na3 O-O 10. Nh4 f5 11. exf5 gxf5 12. Be3 d5 13. d4 cxd4 14. Bxd4 Nxd4 15.
cxd4 Nc6 16. Nf3 Qd6 17. Qd2 Bd7 18. Ne5 Bxe5 19. fxe5 Qb4 20. Qxb4 Nxb4 21.
Rf3 Rfc8 22. Rc3 a6 23. Bf1 Ra7 24. Rb3 a5 25. Bb5 Kf8 26. Rc3 Ke7 27. Bxd7
Kxd7 28. Rxc8 Kxc8 29. Nb5 Re7 30. Rc1+ Kb8 31. a3 Na6 32. Kg2 Nc7 33. Nd6 Ne8
34. Rc8+
1-0

[Event "NM for klubblag 2018"]
[Site "Quality Hotel Edvard Grieg, Bergen"]
[Date "2018.05.10"]
[Round "5"]
[White "Shehzad, Shazil"]
[Black "Steinkellner, Rudolf"]
[Result "1-0"]
[WhiteElo "1921"]
[BlackElo "1661"]
[PlyCount "35"]
[EventDate "2018.??.??"]

1. e4 c6 2. d4 d5 3. e5 Bf5 4. Nf3 e6 5. Be2 Nd7 6. O-O Qb6 7. Nbd2 Be7 8. a4
a5 9. Nb3 Qc7 10. Ne1 h6 11. Be3 Bg6 12. Nd3 Bxd3 13. Bxd3 O-O-O 14. Bd2 b6 15.
Rc1 Nxe5 16. dxe5 Qxe5 17. Bc3 d4 18. Bxd4
1-0

[Event "NM for klubblag 2018"]
[Site "Quality Hotel Edvard Grieg, Bergen"]
[Date "2018.05.10"]
[Round "5"]
[White "Sævareid, Ove"]
[Black "Simensen, Vegard"]
[Result "1/2-1/2"]
[WhiteElo "2166"]
[BlackElo "1971"]
[PlyCount "84"]
[EventDate "2018.??.??"]

1. c4 e5 2. g3 Nc6 3. Nc3 f5 4. Nf3 Nf6 5. d4 e4 6. Nh4 d6 7. f3 Be7 8. Ng2 d5
9. cxd5 Nxd5 10. e3 Bb4 11. Bd2 Be6 12. fxe4 fxe4 13. Nxd5 Bxd2+ 14. Qxd2 Bxd5
15. Nf4 Bf7 16. Bb5 O-O 17. O-O Qd6 18. Bxc6 Qxc6 19. Rac1 Qd6 20. a3 c6 21.
Qc2 g5 22. Nh3 Qg6 23. Qc5 h6 24. Kg2 Qe6 25. Ng1 Qb3 26. Qc3 Qxc3 27. Rxc3 Be6
28. Rcc1 Kg7 29. Rxf8 Rxf8 30. Rf1 Rd8 31. Rc1 Rf8 32. h3 Rf5 33. Rc2 Rb5 34.
Kf2 Kf6 35. Kg2 Rb3 36. Kf2 Rb5 37. g4 Bb3 38. Rd2 Bc4 39. Ne2 Bxe2 40. Kxe2
Ke6 41. Rc2 Rb3 42. Kf2 Rb5
1/2-1/2

[Event "NM for klubblag 2018"]
[Site "Quality Hotel Edvard Grieg, Bergen"]
[Date "2018.05.10"]
[Round "5"]
[White "Tryggestad, Andreas G"]
[Black "Vea, Odin Blikra"]
[Result "0-1"]
[WhiteElo "2251"]
[BlackElo "2187"]
[PlyCount "64"]
[EventDate "2018.??.??"]

1. d4 Nf6 2. c4 g6 3. Nc3 Bg7 4. e4 d6 5. Nf3 O-O 6. Be2 e5 7. d5 Nh5 8. h3 Nf4
9. Bxf4 exf4 10. Qd2 f5 11. exf5 Bxf5 12. Nd4 Nd7 13. O-O-O Ne5 14. Nxf5 Rxf5
15. Bg4 Rf8 16. Be6+ Kh8 17. b3 Qf6 18. Kc2 a6 19. Ne4 Qh4 20. f3 b5 21. c5
dxc5 22. Qf2 Qxf2+ 23. Nxf2 c4 24. Ne4 a5 25. h4 h6 26. Nc5 cxb3+ 27. axb3 a4
28. Ra1 axb3+ 29. Kxb3 Nxf3 30. Rxa8 Nd4+ 31. Kb4 Rxa8 32. Nd3 Ra4+
0-1

[Event "NM for klubblag 2018"]
[Site "Quality Hotel Edvard Grieg, Be"]
[Date "2018.05.10"]
[Round "6"]
[White "Agustsson, Hafsteinn"]
[Black "Harestad, Hans Krogh"]
[Result "0-1"]
[WhiteElo "1867"]
[BlackElo "2214"]
[PlyCount "54"]
[EventDate "2018.??.??"]

1. e4 e5 2. Nf3 d6 3. d4 exd4 4. Nxd4 Nf6 5. Nc3 Be7 6. Be2 O-O 7. O-O Re8 8.
f4 Bf8 9. Bf3 c5 10. Nde2 Nc6 11. Kh1 Rb8 12. Be3 Bd7 13. a3 b5 14. Ng3 a5 15.
a4 bxa4 16. Nxa4 g6 17. c3 h5 18. e5 dxe5 19. Bxc6 Bxc6 20. Qxd8 Rbxd8 21. fxe5
Ng4 22. Bg5 Rd3 23. Nb6 Rxe5 24. Bf4 Re6 25. Nc4 h4 26. h3 Bd5 27. hxg4 Bxc4
0-1

[Event "NM for klubblag 2018"]
[Site "Quality Hotel Edvard Grieg, Bergen"]
[Date "2018.05.10"]
[Round "6"]
[White "Urkedal, Frode Olav Olsen"]
[Black "Areklett, Ivar"]
[Result "1-0"]
[WhiteElo "2548"]
[BlackElo "1967"]
[PlyCount "81"]
[EventDate "2018.??.??"]

1. d4 Nf6 2. c4 Nc6 3. Nf3 d6 4. Nc3 e5 5. d5 Ne7 6. e4 Ng6 7. Be2 Be7 8. O-O
O-O 9. Ne1 Ne8 10. Bg4 Bg5 11. Bxc8 Rxc8 12. Qg4 Bxc1 13. Rxc1 Ne7 14. Nd3 f5
15. exf5 Nxf5 16. Rcd1 Qh4 17. Qxh4 Nxh4 18. f4 exf4 19. Nxf4 g6 20. Nb5 a6 21.
Ne6 Rxf1+ 22. Rxf1 Nf5 23. g4 axb5 24. gxf5 gxf5 25. Rxf5 h6 26. Rf8+ Kh7 27.
cxb5 b6 28. a4 Ra8 29. b3 Rc8 30. Kg2 Ra8 31. h4 Rc8 32. h5 Ra8 33. Kf1 Rc8 34.
Ke1 Ra8 35. Kd2 Rc8 36. Kc2 Ra8 37. Kb2 Rc8 38. b4 Ra8 39. Kb3 Rc8 40. a5 Ra8
41. a6
1-0

[Event "NM for klubblag 2018"]
[Site "Quality Hotel Edvard Grieg, Bergen"]
[Date "2018.05.10"]
[Round "6"]
[White "Christiansen, Johan-Sebastian"]
[Black "Aulin-Jansson, Jøran"]
[Result "1/2-1/2"]
[WhiteElo "2499"]
[BlackElo "2287"]
[PlyCount "70"]
[EventDate "2018.??.??"]

1. e4 c5 2. Nf3 d6 3. Nc3 Nf6 4. d4 cxd4 5. Nxd4 a6 6. f3 e5 7. Nb3 Be7 8. Be3
O-O 9. Qd2 Be6 10. O-O-O a5 11. Qe1 a4 12. Nc5 a3 13. b3 Nc6 14. Nxe6 fxe6 15.
Bc4 Qc8 16. Na4 Rxa4 17. bxa4 Nd4 18. Qb4 d5 19. Qxe7 Qxc4 20. Bxd4 Rc8 21. Rd2
exd4 22. Qxa3 dxe4 23. Qb3 e3 24. Rxd4 Qxd4 25. Qxe6+ Kh8 26. Qxc8+ Ng8 27.
Qxb7 e2 28. a5 Qa1+ 29. Qb1 Qc3 30. Qb6 e1=Q+ 31. Rxe1 Qxe1+ 32. Kb2 Qe5+ 33.
Kb1 Ne7 34. a6 Nc6 35. Qxc6 Qe1+
1/2-1/2

[Event "NM for klubblag 2018"]
[Site "Quality Hotel Edvard Grieg, Bergen"]
[Date "2018.05.10"]
[Round "6"]
[White "Ayzenberg, Alena"]
[Black "Sivertsen, Jarle"]
[Result "1-0"]
[WhiteElo "1899"]
[BlackElo "1558"]
[PlyCount "61"]
[EventDate "2018.??.??"]

1. d4 g6 2. c4 c5 3. d5 e5 4. e4 Nf6 5. Nc3 d6 6. Nf3 Bg7 7. Be2 O-O 8. O-O Na6
9. a3 Bd7 10. Rb1 Nc7 11. b4 b6 12. bxc5 bxc5 13. Qc2 Rb8 14. Nb5 Nxb5 15. cxb5
Nh5 16. Bg5 Qe8 17. a4 f5 18. Nd2 h6 19. Bxh5 hxg5 20. Be2 Qf7 21. Nc4 fxe4 22.
Nxd6 Qxd5 23. Bc4 Bc6 24. Bxd5+ Bxd5 25. Qxc5 Be6 26. Nxe4 Rf4 27. Qd6 Rb6 28.
Qd8+ Kh7 29. Nxg5+ Kh6 30. Nxe6 Rxe6 31. Qd2
1-0

[Event "NM for klubblag 2018"]
[Site "Quality Hotel Edvard Grieg, Bergen"]
[Date "2018.05.10"]
[Round "6"]
[White "Sørensen, Simen"]
[Black "Bern, Ivar"]
[Result "0-1"]
[WhiteElo "1853"]
[BlackElo "2308"]
[PlyCount "105"]
[EventDate "2018.??.??"]

1. Nf3 g6 2. d4 Bg7 3. g3 c5 4. c3 cxd4 5. cxd4 d5 6. Nc3 Nh6 7. Bxh6 Bxh6 8.
Qb3 e6 9. Bg2 O-O 10. O-O Nc6 11. e3 b6 12. Rac1 Bb7 13. Rfe1 Qe7 14. Ne2 Rfc8
15. Nf4 Na5 16. Qd3 Qb4 17. Qd2 Bf8 18. Nd3 Qxd2 19. Nxd2 Ba6 20. Bf1 Bxd3 21.
Bxd3 Bb4 22. Rxc8+ Rxc8 23. Rd1 Bxd2 24. Rxd2 Rc1+ 25. Kg2 Nc4 26. Bxc4 dxc4
27. Kf3 Kf8 28. h4 Ke7 29. e4 c3 30. bxc3 Rxc3+ 31. Kf4 f6 32. f3 h6 33. g4 g5+
34. hxg5 hxg5+ 35. Kg3 Ra3 36. Rc2 Kd6 37. Kf2 b5 38. Rb2 a6 39. Ke2 Kd7 40.
Rc2 b4 41. Rb2 a5 42. Rc2 Kd6 43. Rb2 Rc3 44. Rd2 Kc6 45. Kf2 a4 46. Ke2 a3 47.
e5 fxe5 48. dxe5 Kb5 49. Ke1 Rxf3 50. Rd8 Re3+ 51. Kd2 Rxe5 52. Rb8+ Kc4 53.
Rc8+
0-1

[Event "NM for klubblag 2018"]
[Site "Quality Hotel Edvard Grieg, Be"]
[Date "2018.05.10"]
[Round "6"]
[White "Fossan, Benjamin"]
[Black "Berstad, JÃ¸rund"]
[Result "1-0"]
[WhiteElo "1948"]
[BlackElo "1802"]
[PlyCount "39"]
[EventDate "2018.??.??"]

1. e4 c6 2. d4 d5 3. exd5 cxd5 4. c4 Nf6 5. Nc3 Nc6 6. Nf3 Bg4 7. cxd5 Nxd5 8.
Qb3 Bxf3 9. gxf3 e6 10. Qxb7 Nxd4 11. Bb5+ Nxb5 12. Qc6+ Ke7 13. Qxb5 Qd7 14.
Nxd5+ Qxd5 15. Bg5+ f6 16. Qxd5 exd5 17. Be3 Ke6 18. O-O Bd6 19. Rfe1 Bb4 20.
Bd2+ 1-0

[Event "NM for klubblag 2018"]
[Site "Quality Hotel Edvard Grieg, Be"]
[Date "2018.05.10"]
[Round "6"]
[White "Hina, Ariza"]
[Black "Birkestrand, Odd"]
[Result "1-0"]
[WhiteElo "1496"]
[BlackElo "1689"]
[PlyCount "75"]
[EventDate "2018.??.??"]

1. e4 e5 2. Nc3 Nf6 3. f4 d6 4. Nf3 Nbd7 5. Bc4 Be7 6. d3 O-O 7. O-O h6 8. f5
Nh7 9. Nd5 Kh8 10. Nxe7 Qxe7 11. Qe1 a6 12. a3 b5 13. Ba2 Bb7 14. g4 Ng5 15. h4
Nxf3+ 16. Rxf3 Kh7 17. g5 h5 18. Bxf7 Rxf7 19. g6+ Kg8 20. gxf7+ Qxf7 21. Bg5
Nf6 22. Bxf6 Qxf6 23. Qg3 d5 24. Re1 dxe4 25. dxe4 Rd8 26. Rd3 Rf8 27. Rd7 Bc8
28. Rd5 Re8 29. Qg5 Qb6+ 30. Kf1 c6 31. Qxh5 Re7 32. Rd3 Qc7 33. Qg5 Kf8 34.
Red1 Bd7 35. f6 gxf6 36. Qxf6+ Rf7 37. Qxf7+ Kxf7 38. Rxd7+ 1-0

[Event "NM for klubblag 2018"]
[Site "Quality Hotel Edvard Grieg, Be"]
[Date "2018.05.10"]
[Round "6"]
[White "Bolstad, Henning"]
[Black "KvalÃ¸y, Aksel Bu"]
[Result "0-1"]
[WhiteElo "1960"]
[BlackElo "1958"]
[PlyCount "68"]
[EventDate "2018.??.??"]

1. d4 Nf6 2. c4 c5 3. Nf3 cxd4 4. Nxd4 e5 5. Nf3 Nc6 6. Nc3 Bc5 7. e3 O-O 8.
Be2 d6 9. O-O Be6 10. a3 a5 11. Qc2 Rc8 12. Rd1 Qc7 13. Nb5 Qb8 14. b3 h6 15.
Bb2 Rfd8 16. Rd2 b6 17. Rad1 d5 18. Qb1 dxc4 19. Bxc4 Bxc4 20. bxc4 Rxd2 21.
Rxd2 e4 22. Nfd4 Ne5 23. Rc2 Bxd4 24. Bxd4 Nfg4 25. g3 Nf3+ 26. Kg2 Nge5 27. a4
Nxc4 28. Qc1 Nxe3+ 29. Qxe3 Rxc2 30. Qxe4 Nxd4 31. Nxd4 Rc4 32. Qd5 Rxa4 33.
Nc6 Qe8 34. Qd6 Qe4+ 0-1

[Event "NM for klubblag 2018"]
[Site "Quality Hotel Edvard Grieg, Be"]
[Date "2018.05.10"]
[Round "6"]
[White "Fjeldstad, Kay-Ove"]
[Black "Shehzad, Alisha"]
[Result "1-0"]
[WhiteElo "1690"]
[BlackElo "1669"]
[PlyCount "59"]
[EventDate "2018.??.??"]

1. e4 c5 2. Nf3 e6 3. d4 cxd4 4. Nxd4 Nc6 5. Nc3 a6 6. Be3 Nf6 7. Be2 Bb4 8. f3
Qc7 9. O-O O-O 10. Nxc6 bxc6 11. Bd3 d5 12. exd5 cxd5 13. Ne2 Bb7 14. Bg5 Nd7
15. c3 Bd6 16. Qc2 h6 17. Be3 Bxh2+ 18. Kf2 Bd6 19. Bh7+ Kh8 20. Rh1 Bc5 21.
Nd4 e5 22. Bxh6 gxh6 23. Rxh6 Bxd4+ 24. Ke2 Kg7 25. Rg6+ Kh8 26. Rh1 fxg6 27.
Qxg6 Nf6 28. Bg8+ Nh7 29. Rxh7+ Qxh7 30. Qxh7# 1-0

[Event "NM for klubblag 2018"]
[Site "Quality Hotel Edvard Grieg, Be"]
[Date "2018.05.10"]
[Round "6"]
[White "FlatebÃ¸, Hallvard Haug"]
[Black "LÃ¸vik, Lasse Ã~stebÃ¸"]
[Result "0-1"]
[WhiteElo "1717"]
[BlackElo "2376"]
[PlyCount "40"]
[EventDate "2018.??.??"]

1. d4 Nf6 2. Nf3 g6 3. g3 Bg7 4. c4 O-O 5. Bg2 d5 6. Nc3 c5 7. cxd5 Nxd5 8. e4
Nxc3 9. bxc3 cxd4 10. cxd4 Nc6 11. Bb2 Bg4 12. e5 Qa5+ 13. Qd2 Qb5 14. Rd1 Rfd8
15. Qe2 Qa5+ 16. Kf1 Qxa2 17. Ba1 Qa4 18. h3 Bxf3 19. Bxf3 Nxd4 20. Bxd4 Rxd4
0-1

[Event "NM for klubblag 2018"]
[Site "Quality Hotel Edvard Grieg, Be"]
[Date "2018.05.10"]
[Round "6"]
[White "Hersvik, Daniel"]
[Black "Fossan, Aleksander"]
[Result "0-1"]
[WhiteElo "2215"]
[BlackElo "2132"]
[PlyCount "78"]
[EventDate "2018.??.??"]

1. e4 c5 2. Nf3 g6 3. Nc3 Bg7 4. h4 Nf6 5. Bc4 Nc6 6. d3 d6 7. Bg5 Bg4 8. Ne2
Nd7 9. c3 Bxf3 10. gxf3 Nde5 11. Ng3 Nxc4 12. dxc4 Ne5 13. f4 h6 14. Bxe7 Qxe7
15. fxe5 Bxe5 16. Ne2 Bf6 17. Qd3 Bxh4 18. Nf4 Qf6 19. Nh3 O-O-O 20. O-O-O Rhe8
21. Kb1 Qe5 22. f3 g5 23. Ng1 f5 24. exf5 Rf8 25. f4 Qxf5 26. Nf3 Qxd3+ 27.
Rxd3 Rxf4 28. Nxh4 gxh4 29. Rdh3 Rxc4 30. Rxh4 Rxh4 31. Rxh4 Rh8 32. Kc2 h5 33.
Kd3 Kd7 34. Ke4 Ke6 35. c4 a6 36. a4 b6 37. b3 Rh7 38. Kf4 Rh8 39. Kg5 Rg8+ 0-1

[Event "NM for klubblag 2018"]
[Site "Quality Hotel Edvard Grieg, Bergen"]
[Date "2018.05.10"]
[Round "6"]
[White "Haldorsen, Benjamin"]
[Black "Fuglestein, Sander"]
[Result "1-0"]
[WhiteElo "2419"]
[BlackElo "1837"]
[PlyCount "73"]
[EventDate "2018.??.??"]

1. e4 c6 2. d4 d5 3. Nd2 dxe4 4. Nxe4 Nf6 5. Nxf6+ exf6 6. c3 Bd6 7. Bd3 O-O 8.
Qc2 Re8+ 9. Ne2 h5 10. Be3 Nd7 11. O-O-O Nf8 12. Kb1 Be6 13. Ng3 b5 14. Be4 Qc7
15. Nxh5 a5 16. d5 cxd5 17. Bxd5 Rab8 18. Bxe6 fxe6 19. Rd3 Rec8 20. Rhd1 Bc5
21. Bf4 e5 22. Bh6 gxh6 23. Nxf6+ Kg7 24. Nd7 Rd8 25. Nxc5 Rxd3 26. Nxd3 e4 27.
Nc1 Re8 28. Qe2 Qxh2 29. Qxb5 Re5 30. Qb8 Qh5 31. g4 Re8 32. gxh5 Rxb8 33. Re1
Rb5 34. Rxe4 Rxh5 35. Nd3 Kf6 36. Kc2 Ne6 37. Rxe6+
1-0

[Event "NM for klubblag 2018"]
[Site "Quality Hotel Edvard Grieg, Be"]
[Date "2018.05.10"]
[Round "6"]
[White "Gausel, Einar J"]
[Black "Mork, Kjell Arne"]
[Result "1-0"]
[WhiteElo "2453"]
[BlackElo "2296"]
[PlyCount "71"]
[EventDate "2018.??.??"]

1. d4 e6 2. Nf3 Nf6 3. e3 b6 4. Bd3 Bb7 5. O-O d5 6. c4 Bd6 7. Nc3 O-O 8. b3
Nbd7 9. Bb2 Re8 10. cxd5 exd5 11. Rc1 a6 12. Ne2 Ne4 13. Ng3 Nxg3 14. hxg3 Nf6
15. Ne5 Ne4 16. Qe2 Re6 17. Rc2 Qg5 18. f4 Qd8 19. Bxe4 dxe4 20. f5 Re8 21. f6
Re6 22. fxg7 Bxe5 23. dxe5 Qe7 24. Qh5 Bd5 25. Rf6 Rd8 26. Rcf2 Rxf6 27. exf6
Qd7 28. Rd2 c6 29. Kh2 Re8 30. Qg5 Qc8 31. Ba3 Re6 32. Qg4 a5 33. Be7 b5 34.
Rd1 a4 35. bxa4 b4 36. a5 1-0

[Event "NM for klubblag 2018"]
[Site "Quality Hotel Edvard Grieg, Bergen"]
[Date "2018.05.10"]
[Round "6"]
[White "Getz, Nicolai"]
[Black "Tryggestad, Andreas G"]
[Result "1-0"]
[WhiteElo "2411"]
[BlackElo "2251"]
[PlyCount "101"]
[EventDate "2018.??.??"]

1. e4 c5 2. Nf3 e6 3. d4 cxd4 4. Nxd4 Nc6 5. Nc3 Qc7 6. Be3 Nf6 7. f4 d6 8. Be2
Be7 9. Ndb5 Qb8 10. a4 O-O 11. Bf3 Rd8 12. O-O b6 13. Qe2 Bb7 14. Rad1 Nb4 15.
Bd4 Nd7 16. Qf2 Nc5 17. Bxg7 Kxg7 18. Qd4+ Bf6 19. Qxb4 a6 20. Nxd6 Rxd6 21.
Rxd6 Qxd6 22. e5 a5 23. Qc4 Bxe5 24. fxe5 Qxe5 25. Bxb7 Nxb7 26. Qg4+ Kf8 27.
Qf3 Qc5+ 28. Kh1 Qf5 29. Qe2 Qg6 30. Qb5 Nd6 31. Qc6 Rd8 32. Qxb6 Rd7 33. Qxa5
Nf5 34. Qc5+ Kg7 35. Qf2 Qg4 36. a5 Qb4 37. g4 Qxb2 38. gxf5 Qxc3 39. Qg2+ Kf6
40. fxe6+ Kxe6 41. Qg4+ Ke7 42. Rxf7+ Kxf7 43. Qxd7+ Kf6 44. Qd6+ Kf7 45. Qf4+
Ke7 46. Qe4+ Kf6 47. Qh4+ Ke6 48. Qh6+ Kd5 49. Qg5+ Ke6 50. Qg8+ Kd6 51. Qg3+
1-0

[Event "NM for klubblag 2018"]
[Site "Quality Hotel Edvard Grieg, Bergen"]
[Date "2018.05.10"]
[Round "6"]
[White "Grandelius, Nils"]
[Black "Østenstad, Berge"]
[Result "1-0"]
[WhiteElo "2651"]
[BlackElo "2442"]
[PlyCount "71"]
[EventDate "2018.??.??"]

1. e4 e6 2. d4 d5 3. Nd2 Be7 4. e5 c5 5. c3 cxd4 6. cxd4 Qb6 7. Ndf3 Bd7 8. Bd3
Bb5 9. Bxb5+ Qxb5 10. Ne2 Bb4+ 11. Kf1 Ne7 12. g3 Ba5 13. Kg2 O-O 14. Rb1 a6
15. h4 Qd7 16. h5 h6 17. g4 Nbc6 18. Ng3 f6 19. exf6 Rxf6 20. g5 Rf7 21. b4
Raf8 22. Rb3 Bxb4 23. gxh6 Bd6 24. hxg7 Kxg7 25. Rh4 Kh8 26. Qd2 Ng8 27. a4 Qe7
28. Rg4 Rg7 29. Rxg7 Qxg7 30. Nh4 Bf4 31. Ng6+ Qxg6 32. hxg6 Bxd2 33. Rxb7 Nge7
34. Bxd2 Nxg6 35. Bh6 Re8 36. Bg5
1-0

[Event "NM for klubblag 2018"]
[Site "Quality Hotel Edvard Grieg, Bergen"]
[Date "2018.05.10"]
[Round "6"]
[White "Gullaksen, Eirik"]
[Black "Hagesæther, Arne"]
[Result "1-0"]
[WhiteElo "2363"]
[BlackElo "2043"]
[PlyCount "101"]
[EventDate "2018.??.??"]

1. e4 c6 2. d4 d5 3. Nc3 dxe4 4. Nxe4 Nf6 5. Nxf6+ exf6 6. c3 Bd6 7. Bd3 O-O 8.
Qc2 Re8+ 9. Ne2 h5 10. Be3 Nd7 11. O-O-O Nf8 12. Kb1 Be6 13. Nf4 Bxf4 14. Bxf4
b5 15. h3 a5 16. Be4 Qd7 17. Rhe1 Re7 18. f3 f5 19. Bxc6 Qxc6 20. d5 Qc4 21.
Bd6 Ree8 22. dxe6 fxe6 23. Rd4 Qc8 24. Qb3 Qa6 25. Re5 b4 26. cxb4 Qf1+ 27. Rd1
Qxg2 28. Rxf5 Qxh3 29. Rg5 Nh7 30. Rxa5 Rxa5 31. bxa5 Qf5+ 32. Qc2 Qxa5 33. b4
Qa8 34. Qg6 Qa4 35. Rc1 Nf6 36. Rg1 Qa7 37. Be5 Qf7 38. Bxf6 Qxg6+ 39. Rxg6 Kf7
40. Rg5 Kxf6 41. Rxh5 g5 42. Kb2 e5 43. b5 e4 44. fxe4 Rxe4 45. Kb3 g4 46. Rh8
Re5 47. a4 g3 48. Rf8+ Ke6 49. Rg8 Re3+ 50. Kb4 Kd6 51. Rg7
1-0

[Event "NM for klubblag 2018"]
[Site "Quality Hotel Edvard Grieg, Bergen"]
[Date "2018.05.10"]
[Round "6"]
[White "Hagesæther, Halvard"]
[Black "Houska, Jovanka"]
[Result "1/2-1/2"]
[WhiteElo "2239"]
[BlackElo "2420"]
[PlyCount "27"]
[EventDate "2018.??.??"]

1. e4 c6 2. d4 d5 3. f3 e6 4. Be3 Qb6 5. Nd2 Nf6 6. Bd3 c5 7. c3 Nc6 8. Ne2
cxd4 9. cxd4 e5 10. O-O exd4 11. Nxd4 Nxd4 12. Qa4+ Nd7 13. Bxd4 Bc5 14. Nb3
1/2-1/2

[Event "NM for klubblag 2018"]
[Site "Quality Hotel Edvard Grieg, Bergen"]
[Date "2018.05.10"]
[Round "6"]
[White "Salomon, Johan"]
[Black "Hammer, Jon Ludvig"]
[Result "1/2-1/2"]
[WhiteElo "2482"]
[BlackElo "2631"]
[PlyCount "48"]
[EventDate "2018.??.??"]

1. Nf3 d5 2. g3 g6 3. Bg2 Bg7 4. d4 Nf6 5. O-O O-O 6. c4 dxc4 7. Na3 c3 8. bxc3
c5 9. Bb2 Nc6 10. Re1 Bf5 11. d5 Na5 12. Nd2 e5 13. e4 Bd7 14. Nac4 Nxc4 15.
Nxc4 Ne8 16. a4 b6 17. Bc1 Bc8 18. Be3 Ba6 19. Qb3 Bxc4 20. Qxc4 Nd6 21. Qe2 f5
22. exf5 gxf5 23. a5 Qf6 24. axb6 axb6
1/2-1/2